Harmonía entre la ciencia y la fe

Guardat en:
Dades bibliogràfiques
Autor principal: Mir, Miguel (autor)
Format: Llibre
Idioma:espanyol
Publicat: Madrid Imprenta y Fundición de Manuel Tello 1881
Matèries:
Etiquetes: Afegir etiqueta
Sense etiquetes, Sigues el primer a etiquetar aquest registre!

MARC

LEADER 00000cam a2200000 a 4500
001 UCD1138
003 CL-VaPUC
008 160107e18810000sp |||||||||||||||||spa|d
082 0 4 |a 215  |b MIR  |2 21 
100 |a Mir, Miguel  |e autor  |9 515203 
245 1 0 |a Harmonía entre la ciencia y la fe 
300 |a 374 p 
942 |c BK 
945 |d 20160107 17:53:00  |a gsalatino 
260 |a Madrid  |b Imprenta y Fundición de Manuel Tello  |c 1881 
650 0 |a Religión y ciencia  |9 314470 
650 7 |a FE Y CULTURA  |2 CL-VaPUC  |9 548976 
650 7 |a FE Y RAZON  |2 CL-VaPUC  |9 584230 
583 |a last modification  |c 20160107 17:53:00  |k Rodrigo Vera 
999 |c 362552  |d 362550 
952 |0 0  |1 0  |3 erd  |4 0  |6 215_000000000000000_MIR_1881  |7 0  |8 P  |9 473856  |a BIBTEO  |b BIBTES  |c TEO_FTES  |i 5275873  |o 215 MIR 1881  |p 5275873  |r 2024-01-18  |w 2019-11-24  |y BK  |z Catalogado en:20160107  |k ICR